000 00368nam a22001217a 4500
082 _a200 THE
100 _aShah Khalid
_970005
245 _aTH-SOF-1662-Heart sound segmentation using PCG signals
260 _aISLAMABAD
_bNUST COLLEGE OF EME
_c2019
650 _aMS-COMPUTER ENGINEERING-85 MSTHESIS
_969445
700 _aSupervisor Dr. Farhan Riaz
_969758
942 _cCF
999 _c577064
_d577064